[Event "POL-ch U18 Girls"]
[Site "Leba"]
[Date "2008.04.04"]
[Round "9"]
[White "Nowakowska, Agnieszka"]
[Black "Kasprzykowska, Joanna"]
[Result "1/2-1/2"]
[WhiteElo "1794"]
[BlackElo "1771"]
[PlyCount "45"]
[EventDate "2008.03.29"]
[EventType "swiss"]
[EventRounds "11"]
[EventCountry "POL"]
[SourceTitle "CBM 123 Extra"]
[Source "ChessBase"]
[SourceDate "2008.05.06"]
[SourceVersion "1"]
[SourceVersionDate "2008.05.06"]
[SourceQuality "1"]

1. e4 d5 2. exd5 Qxd5 3. Nc3 Qa5 4. d4 Nf6 5. Bc4 c6 6. Nge2 Bf5 7. Bd2 Qd8 8. 0-0 e6 9. Bg5 Be7 10. Ng3 Bg6 11. f4 h6 12. f5 exf5 13. Be3 Ng4 14. Bf4 Nd7 15. Qd3 Nb6 16. Bb3 0-0 17. Nxf5 Bxf5 18. Qxf5 Qxd4+ 19. Kh1 Nf2+ 20. Rxf2 Qxf2 21. Ne4 Qe2 22. Bxh6 gxh6 23. Qg6+ 1/2-1/2

[Event "POL-ch U18 Girls"]
[Site "Leba"]
[Date "2008.04.02"]
[Round "6"]
[White "Kasprzykowska, Joanna"]
[Black "Cieslar, Monika"]
[Result "1/2-1/2"]
[WhiteElo "1771"]
[BlackElo "1771"]
[PlyCount "36"]
[EventDate "2008.03.29"]
[EventType "swiss"]
[EventRounds "11"]
[EventCountry "POL"]
[SourceTitle "CBM 123 Extra"]
[Source "ChessBase"]
[SourceDate "2008.05.06"]
[SourceVersion "1"]
[SourceVersionDate "2008.05.06"]
[SourceQuality "1"]

1. e4 c5 2. c3 d5 3. exd5 Qxd5 4. d4 Nf6 5. Nf3 Bg4 6. Be2 e6 7. 0-0 Nc6 8. Be3 cxd4 9. cxd4 Be7 10. Nc3 Qd6 11. Qb3 Qb4 12. Qc2 0-0 13. a3 Qd6 14. Rfd1 Rac8 15. Rac1 Rfd8 16. h3 Bh5 17. Qa4 a6 18. b4 h6 1/2-1/2

[Event "POL-ch U18 Girls"]
[Site "Leba"]
[Date "2008.03.31"]
[Round "3"]
[White "Filipkowska, Martyna"]
[Black "Kasprzykowska, Joanna"]
[Result "0-1"]
[WhiteElo "1636"]
[BlackElo "1771"]
[PlyCount "108"]
[EventDate "2008.03.29"]
[EventType "swiss"]
[EventRounds "11"]
[EventCountry "POL"]
[SourceTitle "CBM 123 Extra"]
[Source "ChessBase"]
[SourceDate "2008.05.06"]
[SourceVersion "1"]
[SourceVersionDate "2008.05.06"]
[SourceQuality "1"]

1. e4 d5 2. e5 Bf5 3. d4 e6 4. Bd3 Bg6 5. Bxg6 hxg6 6. Nf3 c5 7. c3 Nc6 8. Be3 cxd4 9. cxd4 Nh6 10. Nc3 Nf5 11. Qd3 Bb4 12. Bd2 Qb6 13. Ne2 Bxd2+ 14. Qxd2 0-0-0 15. 0-0-0 Kb8 16. Kb1 Rc8 17. Ng5 Rc7 18. g4 Nh6 19. h3 Na5 20. Rc1 Nc4 21. Qc3 Rhc8 22. b4 Nxe5 23. Qb3 Rxc1+ 24. Rxc1 Rxc1+ 25. Kxc1 Qc6+ 26. Kd1 Nc4 27. Nc3 Qb6 28. Nf3 Ng8 29. Ke2 Nf6 30. Na4 Qb5 31. Nc3 Qa6 32. Ke1 Qd6 33. Kf1 Qf4 34. Ne2 Qc7 35. Kg2 Ne4 36. b5 Qa5 37. Ne5 Nxe5 38. dxe5 Qe1 39. Qf3 Ng5 40. Qd3 Ne4 41. Qf3 Qd2 42. a4 Ng5 43. Qf4 Qxf4 44. Nxf4 Ne4 45. a5 Nc3 46. b6 axb6 47. axb6 Na4 48. Ne2 Nxb6 49. Nd4 Nc4 50. f4 Kc7 51. h4 Kb6 52. h5 gxh5 53. gxh5 Kc5 54. Nc2 b5 0-1

[Event "POL-chT3 Slaskie"]
[Site "Poland"]
[Date "2008.02.03"]
[Round "1.2"]
[White "Gonsior, Monika"]
[Black "Kasprzykowska, Joanna"]
[Result "1-0"]
[WhiteElo "2149"]
[BlackElo "1771"]
[PlyCount "67"]
[EventDate "2008.02.03"]
[EventType "team-swiss"]
[EventRounds "9"]
[EventCountry "POL"]
[SourceTitle "EXT 2019"]
[Source "ChessBase"]
[SourceDate "2018.10.10"]
[SourceVersion "1"]
[SourceVersionDate "2018.10.10"]
[SourceQuality "1"]

1. e4 d5 2. exd5 Qxd5 3. Nc3 Qd6 4. Nf3 Nf6 5. d3 a6 6. g3 Nc6 7. Bg2 e5 8. 0-0 Be7 9. h3 Be6 10. Re1 Nd5 11. Ne4 Qd7 12. Kh2 h6 13. a3 g5 14. Ned2 f6 15. Qe2 0-0-0 16. d4 g4 17. hxg4 Bxg4 18. dxe5 fxe5 19. c4 Nf6 20. Nxe5 Bxe2 21. Nxd7 Ng4+ 22. Kg1 Rxd7 23. Rxe2 Nd4 24. Re4 Nf6 25. Bh3 Nxe4 26. Nxe4 Kd8 27. Bxd7 Kxd7 28. Be3 Nf5 29. Rd1+ Kc8 30. Bf4 Re8 31. f3 Rd8 32. Rxd8+ Kxd8 33. Kf2 Kd7 34. g4 1-0

[Event "POL-chT3 Slaskie"]
[Site "Poland"]
[Date "2008.02.03"]
[Round "2.6"]
[White "Pacak, Patrycja"]
[Black "Kasprzykowska, Joanna"]
[Result "1-0"]
[WhiteElo "1759"]
[BlackElo "1771"]
[PlyCount "61"]
[EventDate "2008.02.03"]
[EventType "team-swiss"]
[EventRounds "9"]
[EventCountry "POL"]
[SourceTitle "EXT 2019"]
[Source "ChessBase"]
[SourceDate "2018.10.10"]
[SourceVersion "1"]
[SourceVersionDate "2018.10.10"]
[SourceQuality "1"]

1. e4 d5 2. exd5 Qxd5 3. Nc3 Qd6 4. d4 Nf6 5. Bc4 a6 6. Nf3 Nc6 7. Be3 Bg4 8. Qd2 Bxf3 9. gxf3 e6 10. 0-0-0 0-0-0 11. Ne4 Qd7 12. Qe2 Nd5 13. Nc5 Bxc5 14. dxc5 Qe8 15. Bxa6 bxa6 16. Qxa6+ Kd7 17. c4 Ra8 18. Qb5 Rb8 19. Qa4 Ra8 20. Qb3 Rb8 21. Qc2 Kc8 22. cxd5 Nb4 23. Qc4 exd5 24. Qg4+ Kd8 25. a3 Na2+ 26. Kc2 Qb5 27. Rxd5+ Ke8 28. Qe4+ Kf8 29. Bd4 Re8 30. Bxg7+ Kxg7 31. Qd4+ 1-0

[Event "Orlova op 4th"]
[Site "Orlova"]
[Date "2007.05.27"]
[Round "9"]
[White "Kasprzykowska, Joanna"]
[Black "Macek, Kamil"]
[Result "0-1"]
[WhiteElo "1770"]
[BlackElo "1951"]
[PlyCount "76"]
[EventDate "2007.05.19"]
[EventType "swiss"]
[EventRounds "9"]
[EventCountry "CZE"]
[SourceTitle "EXT 2012"]
[Source "ChessBase"]
[SourceDate "2011.11.24"]
[SourceVersion "1"]
[SourceVersionDate "2011.11.24"]
[SourceQuality "1"]

1. e4 c5 2. c3 d5 3. exd5 Qxd5 4. d4 Nf6 5. Nf3 Bg4 6. Be2 Nc6 7. Be3 cxd4 8. cxd4 e6 9. Nc3 Qa5 10. 0-0 Bb4 11. Qb3 Nd5 12. Nxd5 Qxd5 13. Qxd5 exd5 14. Rac1 0-0 15. h3 Be6 16. Bb5 Na5 17. a3 Bd6 18. Nd2 a6 19. Be2 Rac8 20. Rfd1 b5 21. Bf3 f5 22. b4 f4 23. bxa5 fxe3 24. fxe3 Bxa3 25. Ra1 Bb4 26. Nf1 Rc4 27. Rdc1 Rfc8 28. Rxc4 Rxc4 29. Be2 Rc2 30. Bd3 Rc3 31. Be2 Kf7 32. Kf2 Ke7 33. Rb1 Bd6 34. Nd2 Bf5 35. Ra1 Rc2 36. Rd1 Ra2 37. Bf3 Bb4 38. Ke1 Kd6 0-1

[Event "Orlova op 4th"]
[Site "Orlova"]
[Date "2007.05.22"]
[Round "4"]
[White "Sobek, Martin"]
[Black "Kasprzykowska, Joanna"]
[Result "1-0"]
[WhiteElo "1990"]
[BlackElo "1770"]
[PlyCount "63"]
[EventDate "2007.05.19"]
[EventType "swiss"]
[EventRounds "9"]
[EventCountry "CZE"]
[SourceTitle "EXT 2012"]
[Source "ChessBase"]
[SourceDate "2011.11.24"]
[SourceVersion "1"]
[SourceVersionDate "2011.11.24"]
[SourceQuality "1"]

1. e4 d5 2. exd5 Qxd5 3. Qf3 Nf6 4. Qxd5 Nxd5 5. Bc4 Nb6 6. Bb3 Nc6 7. Ne2 e5 8. Nbc3 Bf5 9. d3 Bd6 10. Be3 f6 11. Ng3 Bg6 12. Nge4 Bb4 13. 0-0-0 0-0-0 14. a3 Bxc3 15. Nxc3 Nd4 16. Ba2 Rhe8 17. f3 Kb8 18. h4 Re7 19. h5 Bf7 20. Bxf7 Rxf7 21. Rde1 Rff8 22. Rh4 Nf5 23. Re4 Nc8 24. Bc5 Ncd6 25. Rg4 Rfe8 26. Ne4 b6 27. Bf2 b5 28. h6 Nxh6 29. Rxg7 Rg8 30. Rxh7 Rxg2 31. Rxh6 f5 32. Bh4 1-0

[Event "Orlova op 4th"]
[Site "Orlova"]
[Date "2007.05.21"]
[Round "3"]
[White "Kasprzykowska, Joanna"]
[Black "Bednarz, Valdemar"]
[Result "1/2-1/2"]
[WhiteElo "1770"]
[BlackElo "2033"]
[PlyCount "54"]
[EventDate "2007.05.19"]
[EventType "swiss"]
[EventRounds "9"]
[EventCountry "CZE"]
[SourceTitle "EXT 2012"]
[Source "ChessBase"]
[SourceDate "2011.11.24"]
[SourceVersion "1"]
[SourceVersionDate "2011.11.24"]
[SourceQuality "1"]

1. e4 c5 2. c3 d5 3. exd5 Qxd5 4. d4 cxd4 5. cxd4 Nc6 6. Nf3 Nf6 7. Nc3 Qd8 8. Be3 Bg4 9. Be2 e6 10. 0-0 Be7 11. Qb3 Qb6 12. Qxb6 axb6 13. d5 exd5 14. Bxb6 0-0 15. Rfd1 Be6 16. Rac1 Rfc8 17. a3 h6 18. Nb5 Bd8 19. Bc5 Ne4 20. Be3 Bf6 21. Nbd4 Ne7 22. Bd3 Nc5 23. Rxc5 Rxc5 24. Nxe6 Rcc8 25. Ned4 Nc6 26. Bf5 Rd8 27. Rc1 g6 1/2-1/2

[Event "Orlova op 4th"]
[Site "Orlova"]
[Date "2007.05.19"]
[Round "1"]
[White "Kasprzykowska, Joanna"]
[Black "Karhanek, Pavel"]
[Result "0-1"]
[WhiteElo "1770"]
[BlackElo "2214"]
[PlyCount "64"]
[EventDate "2007.05.19"]
[EventType "swiss"]
[EventRounds "9"]
[EventCountry "CZE"]
[SourceTitle "EXT 2012"]
[Source "ChessBase"]
[SourceDate "2011.11.24"]
[SourceVersion "1"]
[SourceVersionDate "2011.11.24"]
[SourceQuality "1"]

1. e4 Nf6 2. e5 Nd5 3. d4 d6 4. c4 Nb6 5. exd6 exd6 6. Nc3 Be7 7. Nf3 0-0 8. h3 Bf5 9. Bd3 Bxd3 10. Qxd3 Nc6 11. b3 Bf6 12. Be3 d5 13. c5 Nd7 14. Rd1 Ne7 15. 0-0 Re8 16. Rfe1 Nf8 17. Ne5 Bxe5 18. dxe5 c6 19. f4 Neg6 20. b4 f6 21. exf6 Qxf6 22. Rf1 Re7 23. Bd4 Qh4 24. f5 Ne5 25. Bxe5 Rxe5 26. Qd4 Qf6 27. Qf4 Rae8 28. Rc1 Re3 29. Rf3 Rxf3 30. Qxf3 Qd4+ 31. Kh1 Re3 32. Qf2 Rxh3+ 0-1

[Event "POL-chT3 Liga Slaska"]
[Site "Poland"]
[Date "2007.05.12"]
[Round "7"]
[White "Kasprzykowska, Joanna"]
[Black "Nowakowska, Agnieszka"]
[Result "0-1"]
[WhiteElo "1779"]
[BlackElo "1736"]
[PlyCount "116"]
[EventDate "2007.01.28"]
[EventType "team-swiss"]
[EventRounds "9"]
[EventCountry "POL"]
[SourceTitle "EXT 2011"]
[Source "ChessBase"]
[SourceDate "2010.11.26"]
[SourceVersion "1"]
[SourceVersionDate "2010.11.26"]
[SourceQuality "1"]
[WhiteTeam "Raciborz KSz Silesia II"]
[BlackTeam "Gliwice Carbo"]
[WhiteTeamCountry "POL"]
[BlackTeamCountry "POL"]

1. e4 e5 2. Nf3 Nf6 3. Nc3 Bb4 4. Nxe5 0-0 5. Bc4 Qe7 6. Nf3 Bxc3 7. dxc3 Qxe4+ 8. Qe2 d5 9. Qxe4 dxe4 10. Nd4 a6 11. a4 c5 12. Nb3 b6 13. Bf4 Nbd7 14. 0-0 Bb7 15. Rfe1 Rfe8 16. Nd2 Ne5 17. Bxe5 Rxe5 18. Rad1 Rae8 19. Nf1 Nd5 20. Ne3 Nxe3 21. Rxe3 Bc6 22. Bxa6 Bxa4 23. b3 Bc6 24. Ree1 Kf8 25. Rd6 R5e6 26. Red1 Ke7 27. Rxe6+ Kxe6 28. Bc4+ Ke7 29. Ra1 Ra8 30. Rxa8 Bxa8 31. Bb5 Kd6 32. Kf1 Ke5 33. Ke2 f5 34. g3 g5 35. Be8 Bd5 36. c4 Be6 37. c3 f4 38. Bh5 Bh3 39. f3 Bg2 40. fxe4 Kxe4 41. gxf4 gxf4 42. b4 f3+ 43. Kf2 Kd3 44. bxc5 bxc5 45. Bf7 Kxc3 46. Be6 Kd4 47. Bd5 Kd3 48. Be6 Ke4 49. Bd5+ Kf4 50. Be6 Kg5 51. Bd7 Kh4 52. Bf5 h6 53. Be6 Bh3 54. Bd5 Bg4 55. Bxf3 Bxf3 56. Kxf3 Kh3 57. Kf4 Kxh2 58. Kf3 Kg1 0-1

[Event "POL-chT3 Liga Slaska"]
[Site "Poland"]
[Date "2007.05.12"]
[Round "8"]
[White "Kasprzykowska, Joanna"]
[Black "Pacak, Patrycja"]
[Result "0-1"]
[WhiteElo "1779"]
[BlackElo "1695"]
[PlyCount "96"]
[EventDate "2007.01.28"]
[EventType "team-swiss"]
[EventRounds "9"]
[EventCountry "POL"]
[SourceTitle "EXT 2011"]
[Source "ChessBase"]
[SourceDate "2010.11.26"]
[SourceVersion "1"]
[SourceVersionDate "2010.11.26"]
[SourceQuality "1"]
[WhiteTeam "Raciborz KSz Silesia II"]
[BlackTeam "Czestochowa UKS Hetman"]
[WhiteTeamCountry "POL"]
[BlackTeamCountry "POL"]

1. e4 e6 2. d4 d5 3. Nc3 Bb4 4. e5 c5 5. Bd2 cxd4 6. Nb5 Bxd2+ 7. Qxd2 Nc6 8. f4 Qb6 9. Nf3 Nge7 10. Nd6+ Kf8 11. 0-0-0 Nf5 12. Nxf5 exf5 13. Nxd4 Be6 14. g3 Ke7 15. Bg2 Rhd8 16. Qd3 g6 17. Kb1 Rac8 18. Qb5 Qc7 19. c3 a6 20. Nxc6+ bxc6 21. Qc5+ Ke8 22. Rd4 Rb8 23. Rb4 Rb5 24. Rxb5 axb5 25. Rd1 Rc8 26. Rd4 Qe7 27. Qxe7+ Kxe7 28. Rd2 Rd8 29. Bf1 Rb8 30. Kc2 c5 31. Bg2 Rd8 32. b3 d4 33. cxd4 cxd4 34. Bf1 b4 35. Bc4 Bc8 36. Kb2 Bb7 37. Bd3 Be4 38. a3 bxa3+ 39. Kxa3 Bxd3 40. Rxd3 Ke6 41. b4 Kd5 42. Kb3 Ke4 43. Kc2 Rc8+ 44. Kd2 Ra8 45. Rb3 Ra2+ 46. Kd1 d3 47. b5 Ke3 48. Rb1 Rxh2 0-1

[Event "POL-ch U18 Girls"]
[Site "Leba"]
[Date "2007.03.26"]
[Round "4"]
[White "Swieszek, Joanna"]
[Black "Kasprzykowska, Joanna"]
[Result "1/2-1/2"]
[WhiteElo "1857"]
[BlackElo "1779"]
[PlyCount "77"]
[EventDate "2007.03.24"]
[EventType "swiss"]
[EventRounds "11"]
[EventCountry "POL"]
[SourceTitle "EXT 2011"]
[Source "ChessBase"]
[SourceDate "2010.11.26"]
[SourceVersion "1"]
[SourceVersionDate "2010.11.26"]
[SourceQuality "1"]

1. e4 e6 2. d4 d5 3. Nd2 dxe4 4. Nxe4 Bd7 5. Nf3 Bc6 6. Bd3 Nd7 7. 0-0 Ngf6 8. Qe2 Be7 9. Re1 0-0 10. Bd2 Nxe4 11. Bxe4 Bxe4 12. Qxe4 c6 13. Rad1 Nf6 14. Qe2 Re8 15. Bf4 Bd6 16. Ne5 Nd5 17. Bd2 f6 18. Nc4 Qc7 19. Qh5 Rad8 20. Re4 Bf4 21. Bxf4 Nxf4 22. Qg4 e5 23. Rde1 Ng6 24. dxe5 b5 25. Nd6 Rxe5 26. Rxe5 Nxe5 27. Qe6+ Kh8 28. Nf5 Qf7 29. Qxf7 Nxf7 30. g3 Ne5 31. Kg2 Rd2 32. Ne3 h6 33. Rd1 Rxd1 34. Nxd1 Kg8 35. Ne3 Kf7 36. f4 Nd7 37. Kf3 Ke6 38. Kg4 f5+ 39. Kf3 1/2-1/2

[Event "POL-ch U18 Girls"]
[Site "Leba"]
[Date "2007.03.25"]
[Round "2"]
[White "Gondko, Katarzyna"]
[Black "Kasprzykowska, Joanna"]
[Result "0-1"]
[WhiteElo "1875"]
[BlackElo "1779"]
[PlyCount "112"]
[EventDate "2007.03.24"]
[EventType "swiss"]
[EventRounds "11"]
[EventCountry "POL"]
[SourceTitle "EXT 2011"]
[Source "ChessBase"]
[SourceDate "2010.11.26"]
[SourceVersion "1"]
[SourceVersionDate "2010.11.26"]
[SourceQuality "1"]

1. e4 d5 2. exd5 Nf6 3. d4 Nxd5 4. c4 Nb6 5. c5 Nd5 6. Bc4 Nc6 7. Nc3 Nxc3 8. bxc3 e6 9. Nf3 Be7 10. 0-0 0-0 11. Re1 Bf6 12. Qc2 b6 13. cxb6 axb6 14. Qe4 Bb7 15. Qg4 Ne7 16. Nd2 Nd5 17. Ne4 Re8 18. Bb5 c6 19. Bd3 Be7 20. Qh5 g6 21. Qh6 Bf8 22. Qd2 Nf6 23. Ng3 Ba6 24. Be4 Nxe4 25. Nxe4 Bg7 26. Qf4 Qd5 27. Qg3 e5 28. Qh4 exd4 29. Bh6 Rxe4 30. Rxe4 Bxh6 31. Rxd4 Qg5 32. Qe4 Bb5 33. h3 Bg7 34. Rd7 Rd8 35. Rxd8+ Qxd8 36. Rc1 Qd2 37. Qc2 Qxc2 38. Rxc2 Bc4 39. f3 Kf8 40. Kf2 Ke7 41. Ke3 Kd6 42. Kd2 Bh6+ 43. Kd1 Kc5 44. Rb2 b5 45. Kc2 Bf1 46. Kb3 Bc4+ 47. Kc2 Be6 48. Kd3 Bf5+ 49. Ke2 Kc4 50. Rb4+ Kxc3 51. Rh4 Bg5 52. Rxh7 Be6 53. h4 Bf6 54. h5 gxh5 55. Rxh5 Be7 56. Rh1 Kb2 0-1

[Event "Raciborz op"]
[Site "Raciborz"]
[Date "2007.02.18"]
[Round "3"]
[White "Kasperek, Rafal"]
[Black "Kasprzykowska, Joanna"]
[Result "1/2-1/2"]
[WhiteElo "2023"]
[BlackElo "1779"]
[PlyCount "42"]
[EventDate "2007.02.17"]
[EventType "swiss"]
[EventRounds "9"]
[EventCountry "POL"]
[SourceTitle "EXT 2011"]
[Source "ChessBase"]
[SourceDate "2010.11.26"]
[SourceVersion "1"]
[SourceVersionDate "2010.11.26"]
[SourceQuality "1"]

1. e4 d5 2. exd5 Nf6 3. d4 Nxd5 4. Nf3 Bg4 5. Be2 e6 6. 0-0 Nc6 7. h3 Bh5 8. c4 Nb6 9. Be3 Be7 10. Nc3 0-0 11. d5 exd5 12. cxd5 Bxf3 13. Bxf3 Ne5 14. Bxb6 axb6 15. d6 Nxf3+ 16. Qxf3 Bxd6 17. Qxb7 Re8 18. a3 Qf6 19. Ne4 Qxb2 20. Nxd6 cxd6 21. Rfb1 Qc3 1/2-1/2

[Event "Raciborz op"]
[Site "Raciborz"]
[Date "2007.02.18"]
[Round "4"]
[White "Kasprzykowska, Joanna"]
[Black "Wiecek, Pawel"]
[Result "1-0"]
[WhiteElo "1779"]
[BlackElo "2002"]
[PlyCount "76"]
[EventDate "2007.02.17"]
[EventType "swiss"]
[EventRounds "9"]
[EventCountry "POL"]
[SourceTitle "EXT 2011"]
[Source "ChessBase"]
[SourceDate "2010.11.26"]
[SourceVersion "1"]
[SourceVersionDate "2010.11.26"]
[SourceQuality "1"]

1. e4 d6 2. d4 Nf6 3. Nc3 g6 4. Nf3 Bg7 5. Be3 0-0 6. Qd2 Ng4 7. Bf4 e5 8. dxe5 Nxe5 9. Be2 Nbc6 10. 0-0-0 Be6 11. Bh6 Bxh6 12. Qxh6 Ng4 13. Qf4 Nxf2 14. Ng5 h6 15. Qxf2 Qxg5+ 16. Kb1 Ne5 17. h4 Qe7 18. g4 c6 19. Qf4 Kg7 20. Rd2 Rad8 21. Nd1 Bc4 22. Ne3 Bxe2 23. Rxe2 Qf6 24. Qh2 Qe6 25. Qg3 Nc4 26. Nf5+ Kh7 27. Qc3 gxf5 28. gxf5 Qe5 29. Qxc4 d5 30. exd5 Qxd5 31. Qxd5 Rxd5 32. Re7 Rfd8 33. Kc1 R8d7 34. Rhe1 Kg7 35. c4 Rd4 36. Rxd7 Rxd7 37. Re5 Kf6 38. Rc5 Re7 1-0

[Event "Raciborz op"]
[Site "Raciborz"]
[Date "2007.02.17"]
[Round "2"]
[White "Kasprzykowska, Joanna"]
[Black "Kasperek, Joanna"]
[Result "1/2-1/2"]
[WhiteElo "1779"]
[BlackElo "1990"]
[PlyCount "59"]
[EventDate "2007.02.17"]
[EventType "swiss"]
[EventRounds "9"]
[EventCountry "POL"]
[SourceTitle "EXT 2011"]
[Source "ChessBase"]
[SourceDate "2010.11.26"]
[SourceVersion "1"]
[SourceVersionDate "2010.11.26"]
[SourceQuality "1"]

1. e4 c5 2. c3 Nf6 3. e5 Nd5 4. Bc4 e6 5. d4 cxd4 6. cxd4 d6 7. Nf3 Be7 8. 0-0 Nc6 9. Nbd2 Qc7 10. Re1 0-0 11. Bb3 Rd8 12. exd6 Qxd6 13. Ne4 Qc7 14. Be3 Nf6 15. Nc3 b6 16. Rc1 Bb7 17. Qe2 Rac8 18. a3 Qb8 19. Red1 Na5 20. Ba2 Ng4 21. d5 exd5 22. Bxd5 Bxd5 23. Nxd5 Bd6 24. h3 Nxe3 25. Qxe3 Qb7 26. Rxc8 Qxc8 27. Qg5 h6 28. Qh4 Nc6 29. Ne3 Qc7 30. Rc1 1/2-1/2

[Event "POL-ch U16 Girls"]
[Site "Leba"]
[Date "2006.03.27"]
[Round "4"]
[White "Boder, Marlena"]
[Black "Kasprzykowska, Joanna"]
[Result "0-1"]
[WhiteElo "1600"]
[BlackElo "1744"]
[PlyCount "52"]
[EventDate "2006.03.25"]
[EventType "swiss"]
[EventRounds "11"]
[EventCountry "POL"]
[SourceTitle "CBM 111 Extra"]
[Source "ChessBase"]
[SourceDate "2006.05.09"]
[SourceVersion "1"]
[SourceVersionDate "2006.05.09"]
[SourceQuality "1"]

1. e4 d5 2. exd5 Nf6 3. Nf3 Nxd5 4. d4 Bg4 5. h3 Bh5 6. g4 Bg6 7. Ne5 Nc6 8. Bb5 Ndb4 9. Nxg6 hxg6 10. c3 Qd5 11. Bxc6+ Nxc6 12. Rh2 e5 13. Qe2 0-0-0 14. c4 Qxd4 15. a3 Qd3 16. Qxd3 Rxd3 17. Be3 Nd4 18. Bxd4 Rxd4 19. Nd2 Rxg4 20. 0-0-0 Rgh4 21. Nf3 Rxc4+ 22. Kb1 Bd6 23. Ng5 Rf4 24. f3 Be7 25. Rg1 Rh5 26. Ne4 Rxf3 0-1

[Event "POL-ch U16 Girls"]
[Site "Leba"]
[Date "2006.03.26"]
[Round "2"]
[White "Wojdylo, Zaklin"]
[Black "Kasprzykowska, Joanna"]
[Result "1-0"]
[WhiteElo "1800"]
[BlackElo "1744"]
[PlyCount "99"]
[EventDate "2006.03.25"]
[EventType "swiss"]
[EventRounds "11"]
[EventCountry "POL"]
[SourceTitle "CBM 111 Extra"]
[Source "ChessBase"]
[SourceDate "2006.05.09"]
[SourceVersion "1"]
[SourceVersionDate "2006.05.09"]
[SourceQuality "1"]

1. e4 d5 2. exd5 Nf6 3. d4 Nxd5 4. Nf3 Bg4 5. Be2 Nc6 6. c4 Nb6 7. 0-0 e6 8. Nc3 Be7 9. Be3 0-0 10. b3 Bf6 11. c5 Nd7 12. Rc1 Re8 13. b4 Nxb4 14. Qb3 Nc6 15. Qxb7 Na5 16. Qb4 Nc6 17. Qa4 Ne7 18. Bb5 c6 19. Bxc6 Nxc6 20. Qxc6 Rc8 21. Qe4 Bf5 22. Qb7 Rc7 23. Qa6 e5 24. Nd5 Re6 25. Qa3 Rcc6 26. Nb4 Rc7 27. d5 Re8 28. d6 Rc8 29. c6 Nb6 30. Rfd1 Re6 31. Na6 e4 32. c7 Qe8 33. Bxb6 exf3 34. d7 Re1+ 35. Rxe1 Qxd7 36. Bxa7 Bd3 37. Re3 Be2 38. Rb1 Bg5 39. Reb3 Qg4 40. Rxf3 Be7 41. Qe3 Bxf3 42. Qxf3 Qc4 43. Qb7 Re8 44. Qb8 Rf8 45. Bc5 Bxc5 46. c8Q Bxf2+ 47. Kxf2 Qd4+ 48. Kf1 Qd3+ 49. Kg1 Qe3+ 50. Kh1 1-0